000 00409nam a2200181Ia 4500
005 20250423101640.0
008 250422s9999 xx 000 0 und d
020 _a9780071615457
050 _aQA 331.7 .S33/
100 _a Spiegel, Murray R.
245 0 _aVector analysis
260 _aNew York
260 _bMcGraw-Hill
260 _c2009
300 _a238 p
650 _aMathematics
942 _cBK
999 _c36867
_d36867